The Jupiter Quiz - Statistics

General Stats
  • This quiz has been taken 16,547 times
  • The average score is 10 of 16
Answer Stats
Question Answer % Correct
Term for a planet such as Jupiter Gas {giant}
94%
Two elements that Jupiter is composed of, mostly Hydrogen
89%
First person to see the moons of Jupiter, in 1610 Galileo Galilei
87%
Two elements that Jupiter is composed of, mostly Helium
83%
Greek equivalent of the Roman god Jupiter Zeus
82%
"Belt" you will find between the orbits of Mars and Jupiter Asteroid Belt
77%
Moon thought to be covered with a layer of water and ice 100 km thick Europa
64%
Storm on the surface that has existed since at least 1830 Great Red Spot
64%
Largest moon of Jupiter, and largest in the Solar System Ganymede
61%
Substance with chemical formula NH3 which makes up ice clouds in one layer of Jupiter's atmosphere Ammonia
52%
Over 400 _____ can be found on the surface of the moon Io Volcanoes
50%
Shoemaker–Levy 9, which crashed into Jupiter in 1994, was this type of object Comet
46%
Second-largest moon of Jupiter Callisto
40%
Probe, named for Jupiter's wife, which entered the orbit of Jupiter in 2016 Juno
40%
The adjective form of Mars is Martian. The adjective form of Venus is Venusian. What is the adjective form of Jupiter? Jovian
33%
Astronomers from this city were the first to create written observations of Jupiter, which they named after their god Marduk Babylon
30%
No matching quizzes found
Score Distribution
Percent of People with Each Score
Percentile by Number Answered
Your Score History
You have not taken this quiz